000 00680cab a2200169 4500
001 ##L132561
008 060217n2006 000 0 eng u
035 _a(Sirsi) u132561
041 0 _aeng
100 1 _aGillespie, Neil
245 0 4 _aThe fascination with surface gives this most basic of building types an intelligence and enquiry that is palpable
260 _c2006
490 0 _aArchitects' Journal
_v223(4) 2 February 2006, 24-35(12)
520 _aReports on the design and architecture of the John Knox Street workshops in Clydebank, Scotland. Contains sections, site planand costings.
690 _aPROPERTY-INDUSTRIAL PROPERTY-LIGHT INDUSTRIAL PROPERTY
942 _n0
999 _c76494
_d76494